Geography Quiz

Random Geography or City Quiz

Most Populous World Capitals A-Z Quiz Stats

 Plays Quiz Updated May 1, 2016

Also try: World Metros (A-Z)
Challenge
Share
Tweet
Embed
Score 0/24 Timer 05:00
0 Plays Today
Letter Capital City % Correct
BBeijing
91.4%
TTokyo
83.1%
PParis
79.8%
MMoscow
77.3%
CCairo
67.4%
JJakarta
65.3%
SSeoul
56.6%
AAnkara
53.4%
WWarsaw
52.3%
QQuito
51.3%
IIslamabad
50.9%
ZZagreb
49%
Letter Capital City % Correct
HHanoi
47.7%
LLima
45%
DDhaka
41.7%
NNairobi
40.1%
RRiyadh
38%
UUlaanbaatar
37.2%
VVienna
36%
KKinshasa
34.2%
YYaounde
24%
FFreetown
21.6%
OOuagadougou
20.2%
GGuatemala City
18.8%

You're not logged in!

Compare scores with friends on all Sporcle quizzes.
Join for Free
OR
Log In

You Might Also Like...

Show Comments

Extras

Top Quizzes Today


Score Distribution

Your Account Isn't Verified!

In order to create a playlist on Sporcle, you need to verify the email address you used during registration. Go to your Sporcle Settings to finish the process.

Report this User

Report this user for behavior that violates our Community Guidelines.

Details: